Central Library OPAC University of Rajshahi

Ways to poetry / (Record no. 74733)

MARC details
000 -LEADER
fixed length control field 00726cam a22002411a 4500
001 - CONTROL NUMBER
control field 74733
003 - CONTROL NUMBER IDENTIFIER
rucl marc code BD-RjUL
005 - DATE AND TIME OF LATEST TRANSACTION
control field 20211209082608.0
008 - FIXED-LENGTH DATA ELEMENTS--GENERAL INFORMATION
fixed length control field 140129s1975 n i 001 0 eng
035 ## - SYSTEM CONTROL NUMBER
System control number (BD-RjUL)74951
System control number (OCoLC)4634781
040 ## - CATALOGING SOURCE
Original cataloging agency DLC
Transcribing agency NcRS
Modifying agency NcRS
-- OCoLC
-- Uk
-- DNAL
-- DLC
-- BD-RjUL
Language of cataloging eng
041 ## - LANGUAGE CODE
Language code of text/sound track or separate title eng
082 ## - DEWEY DECIMAL CLASSIFICATION NUMBER
Classification number 808.1
Author mark and year CLW 1975
Edition number 23
100 ## - MAIN ENTRY--PERSONAL NAME
Personal name Clayes, Stanley A.
9 (RLIN) 91430
245 ## - TITLE STATEMENT
Title Ways to poetry /
Statement of responsibility, etc. Stanley A. Clayes , John Gerrietts
260 ## - PUBLICATION, DISTRIBUTION, ETC. (IMPRINT)
Place of publication, distribution, etc. NewYork:
Name of publisher, distributor, etc. Harcourt bruce Jovanovich,
Date of publication, distribution, etc. 1975
300 ## - PHYSICAL DESCRIPTION
Pagination xxii, 378 p. ;
Size 21 cm
504 ## - BIBLIOGRAPHY, ETC. NOTE
Bibliography, etc Includes bibliographical references and index.
650 ## - SUBJECT ADDED ENTRY--TOPICAL TERM
Topical term or geographic name as entry element poetry
9 (RLIN) 225291
700 ## - ADDED ENTRY--PERSONAL NAME
Personal name Gerrietts, John
942 ## - ADDED ENTRY ELEMENTS (KOHA)
Source of classification or shelving scheme Dewey Decimal Classification
Koha item type Books
Holdings
Lost status Source of classification or shelving scheme Damaged status Not for loan Collection code Permanent Location Current Location Shelving location Date acquired Total Checkouts Full call number Date last seen Copy number Koha item type
  Dewey Decimal Classification   Not For Loan Non-fiction Central Library, University of Rajshahi Central Library, University of Rajshahi Reading Room 27/11/2018   808.1 CLW 1975 27/11/2018 C-1 Books